[Event "Montigny le Bretonneux op 25th"]
[Site "Montigny le Bretonneux"]
[Date "2023.05.21"]
[Round "7"]
[White "Zheng, Linyi"]
[Black "Lamorelle, Alexey"]
[Result "0-1"]
[WhiteElo "1561"]
[BlackElo "1293"]
[PlyCount "46"]
[EventDate "2023.05.18"]
[EventType "swiss"]
[EventRounds "9"]
[EventCountry "FRA"]
[SourceTitle "CBM 214 Extra"]
[Source "ChessBase"]
[SourceDate "2023.07.31"]
[SourceVersion "1"]
[SourceVersionDate "2023.07.31"]
[SourceQuality "1"]

1. e4 e5 2. Nf3 Nc6 3. Bc4 Bc5 4. c3 Nf6 5. d3 0-0 6. 0-0 d5 7. exd5 Nxd5 8. b4 Be7 9. b5 Na5 10. Nxe5 Nxc4 11. Nxc4 f5 12. a4 f4 13. Ba3 Bxa3 14. Rxa3 f3 15. Ne3 Qg5 16. g3 Nxe3 17. fxe3 Qxe3+ 18. Rf2 Bh3 19. c4 Qd4 20. Nc3 Rae8 21. Qd2 Re3 22. Ne4 Re2 23. Qg5 Re1# 0-1